000 00398nam a2200145Ia 4500
008 210716s2016 xx 000 0 und d
020 _a9789352020607
041 _aeng
082 _a658.3 BADR
100 _aBadi, Ravindranath V.
245 _aHuman resource management: text and cases.
_bText and cases.
250 _a1
260 _aNew Delhi
_bHimalaya Publishing House
_c2016
300 _a432
999 _c210186
_d210186